LEADER 00958nam a2200229 i 4500 001 000000172284 003 CaOOAMICUS 005 20080604000000.0 008 080604s1976 it u000 u ita u 013 $a149725 040 $aSeMil$bita 100 1 $aColletti, Lucio,$d<1924-2001>.$0(OLS)http://semarc/name/8747 245 10$aMaterialismo dialettico e irrazionalismo /$cLucio Colletti. 260 $aRoma ; Bari :$bLaterza,$c1976. 300 $aP- 173-443 ;$c18 cm. 490 0 $aUniversale Laterza ;$v351 773 0 $aColletti, Lucio <1924-2001>$tMarxismo e Hegel.$dRoma ; Bari : Laterza, 1976.$g2$w()19621 830 0$aUniversale Laterza ;$v351.$0(OLS)http://semarc/title/6923 850 $aSeMil 852 $aSeMil$W1$xVenegono$y1$m2P I 448$j123146$B123146$CSeMilBibl$Z2$F134399 $81 996 $6245$aMaterialismo dialettico e irrazionalismo$9(OLS)http://semarc/title/246678 996 $6260$aRoma ; Bari :$bLaterza$9(OLS)http://semarc/publisher/30305 LEADER 01005nam a2200241 i 4500 001 000000122925 003 CaOOAMICUS 005 20040212000000.0 008 040212s1972 it u000 u ita u 013 $a95620 040 $aSeMil$bita 245 13$aLa democrazia ateniese /$ca cura di Paolo Desideri. 260 $aMessina ; Firenze :$bD'Anna,$cstampa 1972. 300 $a188 p. ;$c24 cm. 490 0 $aGli uomini e le loro istituzioni : antologie storiche monografiche ;$v3 650 4$aAtene.$0(OLS)http://semarc/subject/7932 700 1 $aDesideri, Paolo,$d<1941- >.$0(OLS)http://semarc/name/5337 830 4$aGli uomini e le loro istituzioni ;$v3.$0(OLS)http://semarc/title/14553 850 $aSeMil 852 $aSeMil$W1$xVenegono$y1$m100 8 3 *$j77744$B77744$CSeMilBibl$Z2$F79951 $81 961 $aRecupero: Biblioteca Seminario Liceale 996 $6245$aLa democrazia ateniese$9(OLS)http://semarc/title/180861 996 $6260$aMessina ; Firenze :$bD'Anna$9(OLS)http://semarc/publisher/30286